01519pab a2200181 454500008004000000100002900040245013000069260000900199300001400208362000800222520097300230650002501203650002601228650001301254650001201267650001301279773004501292180718b2017 xxu||||| |||| 00| 0 eng d aSiciliano, Michael D.  aProfessional networks and street-level performance: how public school teachers' advice networks influence student performance c2017 ap.79-101. aJan aGiven the complexity of their work, street-level bureaucrats rely on their professional networks to access implementation resources and information. Despite the acknowledged importance of these networks, little research exists on how network structure and composition influence frontline performance. This study analyzes a unique data set that includes the professional networks of more than 420 teachers in 21 public schools along with 3 years of administrative data on student test scores and student demographics. Using value-added models derived from the student test data, objective measures of teacher performance were calculated. The results suggest that street-level performance is influenced by both network structure and composition. Thus, the actions of street-level workers are not independent responses to individual dilemmas, but rather are developed and shaped by specific features of the social structure in which the individual bureaucrat is embedded. aKnowledge management aPerformance appraisal aStudents aSchools aTeachers aAmerican Review of Public Administration